000 00518nam a2200169Ia 4500
999 _c380
_d380
003 OSt
005 20210901095605.0
008 190216s9999||||xx |||||||||||||| ||und||
040 _coclc
082 _a892.7
_bALM/R
100 _aAl Mahmud, Abdullah Ibnu Zaid
_98697
245 0 _aAl Raddu Ala Al Musthahiry Bi Shaeni Al Luhumi Al Musthouridathi /
_cAbdullah Ibnu Zaid Al Mahmud
260 _bNaduatul Ulama,
300 _a13p
650 _aArabic
942 _cBK
_2ddc
_h892.7
_iALM/R
_k892.7
_mALM/R